00326nam a2200133Ia 4500008004100000020001500041041001200056082001100068100001500079245003300094260004000127300000800167650001700175221030s9999 xx 000 0 und d a8185749795 aEnglish a105.23 aP. S. Gill 0aText book of Machine Drawing bS.K Kataria & SonsaNew Delhic2006 a709 aBB Mechanics